000 00574nam a22001937a 4500
999 _c6581
_d6581
003 OSt
005 20200205101731.0
008 200205b ||||| |||| 00| 0 eng d
020 _a020178028
040 _c040a
082 _a370
_bREV 2001
100 _aIlboudo, E.K...{etal}
_913536
245 _aReview of education sector analysis in Burkina Faso, 1994-1999 /
_cE.K Ilboudo...{etal}
260 _aParis
_bUNESCO Education sector
_c2001
300 _axvii, 143p;
_bill :
_c12 cm.
504 _aIncludes references and index
650 _2Education
942 _2ddc
_cO_SHELF